书目信息 |
| 题名: |
列宁建党学说概述
|
|
| 作者: | 赵云献 著 | |
| 分册: | ||
| 出版信息: | 北京 北京出版社 1984 |
|
| 页数: | 177页 | |
| 开本: | 21cm | |
| 丛书名: | ||
| 单 册: | ||
| 中图分类: | A821.62 | |
| 科图分类: | ||
| 主题词: | 列宁著作研究--专题汇编--共产党 | |
| 电子资源: | ||
| ISBN: | ||
| 000 | 00638nam0 2200229 45 | |
| 001 | 0184010391 | |
| 005 | 20050530100015.3 | |
| 010 | @dCNY0.60 | |
| 091 | @a3071.371 | |
| 100 | @a19950320d1984 emky0chiy0121 ea | |
| 101 | 0 | @achi |
| 102 | @aCN@b110000 | |
| 105 | @ay z 000yy | |
| 200 | 10 | @a列宁建党学说概述@Alie ning jian dang xue shuo gai shu@f赵云献著@FZhao Yun Xian Zhu |
| 210 | @a北京@c北京出版社@d1984 | |
| 215 | @a177页@d21cm | |
| 606 | 0 | @a列宁著作研究@x专题汇编@x共产党 |
| 690 | @aA821.62@v3 | |
| 701 | 0 | @a赵云献@4著 |
| 801 | 0 | @aCN@b上海图书馆@c20031225 |
| 801 | 2 | @aCN@bNLC@c20031225 |
| 905 | @dA821.62@e16@f1@b213512 | |
| 列宁建党学说概述/赵云献著.-北京:北京出版社,1984 |
| 177页;21cm |
| ISBN :CNY0.60 |
| ● |
| 相关链接 |
|
|
|
|
正题名:列宁建党学说概述
索取号:A821.62/16
 
预约/预借
| 序号 | 登录号 | 条形码 | 馆藏地/架位号 | 状态 | 备注 |
| 1 | 0213510 | 000919670 | 第一借阅区/ [索取号:A821.62/16] | 在馆 | |
| 2 | 0213511 | 001857716 | 密集书库/ [索取号:A821.62/16] | 在馆 | |
| 3 | 0213512 | 000919590 | 第一样本阅览室/ [索取号:A821.62/16] | 在馆 | |
| 4 | 0217775 | 000919563 | 第一借阅区/ [索取号:A821.62/16] | 在馆 | |
| 5 | 0217776 | 000957361 | 第一借阅区/ [索取号:A821.62/16] | 在馆 |